The 8th International Conference on Knowledge Management in Organizations : | (Record no. 27321)
[ view plain ]
| 000 -LEADER | |
|---|---|
| fixed length control field | 00812nam a22002057a 4500 |
| 003 - CONTROL NUMBER IDENTIFIER | |
| control field | OSt |
| 005 - DATE AND TIME OF LATEST TRANSACTION | |
| control field | 20211209091906.0 |
| 008 - FIXED-LENGTH DATA ELEMENTS--GENERAL INFORMATION | |
| fixed length control field | 211209b |||||||| |||| 00| 0 eng d |
| 020 ## - INTERNATIONAL STANDARD BOOK NUMBER | |
| International Standard Book Number | 9789400772861 |
| 040 ## - CATALOGING SOURCE | |
| Transcribing agency | MOSTI LIBRARY |
| 090 00 - LOCALLY ASSIGNED LC-TYPE CALL NUMBER (OCLC); LOCAL CALL NUMBER (RLIN) | |
| Classification number (OCLC) (R) ; Classification number, CALL (RLIN) (NR) | 658.4038 : |
| Local cutter number (OCLC) ; Book number/undivided call number, CALL (RLIN) | EIG |
| 245 10 - TITLE STATEMENT | |
| Title | The 8th International Conference on Knowledge Management in Organizations : | |
| Remainder of title | Social and Big Data Computing for Knowledge Management / |
| Statement of responsibility, etc. | Edited by Lorna Uden, Leon Place of publication not identified Wang, Juan Manuel Corchado Rodríguez, Hsin-Chang Yang, I-Hsien Ting. |
| 260 ## - PUBLICATION, DISTRIBUTION, ETC. | |
| Place of publication, distribution, etc. | Dordrecht : |
| Name of publisher, distributor, etc. | Springer, |
| Date of publication, distribution, etc. | 2014 |
| 300 ## - PHYSICAL DESCRIPTION | |
| Extent | xiv, 629 pages.; |
| Dimensions | 24cm. |
| 650 10 - SUBJECT ADDED ENTRY--TOPICAL TERM | |
| Topical term or geographic name entry element | Knowledge management |
| Form subdivision | Congresses |
| 650 20 - SUBJECT ADDED ENTRY--TOPICAL TERM | |
| Topical term or geographic name entry element | Management information systems |
| Form subdivision | Congresses |
| 650 20 - SUBJECT ADDED ENTRY--TOPICAL TERM | |
| Topical term or geographic name entry element | Big data |
| Form subdivision | Congresses |
| 942 ## - ADDED ENTRY ELEMENTS (KOHA) | |
| Source of classification or shelving scheme | Dewey Decimal Classification |
| Koha item type | Book |
| Suppress in OPAC | No |
| 949 ## - LOCAL PROCESSING INFORMATION (OCLC) | |
| 0 | 018370 |
| Withdrawn status | Lost status | Source of classification or shelving scheme | Damaged status | Not for loan | Home library | Current library | Shelving location | Date acquired | Source of acquisition | Total Checkouts | Full call number | Barcode | Date last seen | Price effective from | Koha item type |
|---|---|---|---|---|---|---|---|---|---|---|---|---|---|---|---|
| Dewey Decimal Classification | MOSTI Library | MOSTI Library | Open shelf | 28/04/2021 | HADIAH | 658.4038 EIG | 018370 | 09/12/2021 | 09/12/2021 | Book |
